Statystyki dla Państwa na literę T

Kliknij tutaj aby rozwiązać quiz!

Ogólne statystyki

  • Ten quiz został rozwiązany 46 154 razy
    (46 111 od ostatniego zresetowania)
  • Średni wynik to 7 z 12

Statystyki odpowiedzi

Kraj% Poprawnych
Turcja
93%
Tunezja
71%
Turkmenistan
71%
Tadżykistan
68%
Tajlandia
67%
Tanzania
60%
Togo
53%
Tajwan
52%
Trynidad i Tobago
43%
Tuvalu
36%
Timor Wschodni
35%
Tonga
35%

Rozkład punktacji

Percentyl według liczby udzielonych odpowiedzi

Procent ludzi z każdym wynikiem

Twoja historia wyników

Nie rozwiązałeś tego quizu od ostatniego zresetowania